00441 2200157 4500001002100000005001500021035002000036007000300056008003900059082000700098084001300105100001000118245011600128260002400244990001500268INLIS00000000000493820250110125850 a0010-0125000645ta250110 | | |  a71 a71 TIA f0 aTiara1 aFormulasi Sediaan Masker Clay Mask Yang Menggandung Ekstrak Batang Sempeng (Nepenthes Gracilis Korth.) /cTiara aPalangkaraya,c2022 a1971020974